00474 a2200157 4500010001400000020002200014035001300036037001500049082001300064100001900077245006700096260004800163270005100211300002700262490002700289 aENG-86182 a8123748345c60.00 aEN-69715 bDBAD / PUB14a320.95381 aDietl, Gulshan1 aSaudi Arabia :cby Gulshan Dietlbpeople, politics, policies / aNew DelhibNational Book Trust, Indiac2006 aA-5, Green ParkbNew DelhicNew Delhie110 016 ax, 133p.c22 cm. (pbk) aPopular Social Science